LEADER 01747nam 2200445 450 001 9910705726003321 005 20170630144538.0 035 $a(CKB)5470000002453150 035 $a(OCoLC)992446094 035 $a(EXLCZ)995470000002453150 100 $a20170630d1995 ua 0 101 0 $aeng 135 $aurgn||||||||| 181 $ctxt$2rdacontent 182 $cc$2rdamedia 183 $acr$2rdacarrier 200 10$aKennesaw Mountain National Battlefield Park $ehistoric resource study /$fRobert W. Blythe, Maureen A. Carroll, Steven H. Moffson 210 1$a[Atlanta, Ga.] :$cCultural Resources Planning Division, Southeast Regional Office, National Park Service, Department of the Interior,$d1995. 215 $a1 online resource (179 unnumbered pages) $cillustrations, maps 300 $a"March 1995." 320 $aIncludes bibliographical references. 517 $aKennesaw Mountain National Battlefield Park 606 $aHistoric sites$zGeorgia$zKennesaw Mountain National Battlefield Park 606 $aKennesaw Mountain, Battle of, Ga., 1864 606 $aAtlanta Campaign, 1864 607 $aKennesaw Mountain National Battlefield Park (Ga.)$xHistory 615 0$aHistoric sites 615 0$aKennesaw Mountain, Battle of, Ga., 1864. 615 0$aAtlanta Campaign, 1864. 676 $a973.7/37 700 $aBlythe$b Robert W.$01403362 702 $aCarroll$b Maureen A. 702 $aMoffson$b Steven H. 712 02$aUnited States.$bNational Park Service.$bSoutheast Regional Office.$bCultural Resources Planning Division, 801 0$bGPO 801 1$bGPO 906 $aBOOK 912 $a9910705726003321 996 $aKennesaw Mountain National Battlefield Park$93494656 997 $aUNINA LEADER 01551oam 2200421 450 001 9910713936303321 005 20201019114951.0 035 $a(CKB)5470000002506301 035 $a(OCoLC)1200754385 035 $a(OCoLC)995470000002506301 035 $a(EXLCZ)995470000002506301 100 $a20201019d2006 ua 0 101 0 $aeng 135 $aur||||||||||| 181 $ctxt$2rdacontent 182 $cc$2rdamedia 183 $acr$2rdacarrier 200 10$aRepublics of the former Soviet Union $epension collection by expatriates : Russia, Ukraine, Armenia, Georgia, Moldova, Tajikistan, Turkmenistan, Kyrgyzstan, Azerbaijan, Belarus, Kazakhstan, Uzbekistan 210 1$aWashington, D.C. :$cThe Law Library of Congress, Global Legal Research Directorate,$d2006. 215 $a1 online resource (4 pages) 300 $a"Prepared by Peter Roudik"--Page 4. 300 $a"June 2006." 300 $a"LL file no. 2006-02940." 320 $aIncludes bibliographical references. 517 $aRepublics of the former Soviet Union 606 $aPensions$xLaw and legislation$zFormer Soviet republics 606 $aNoncitizens$zFormer Soviet republics 615 0$aPensions$xLaw and legislation 615 0$aNoncitizens 700 $aRoudik$b Peter$01379694 712 02$aLaw Library of Congress (U.S.).$bGlobal Legal Research Directorate, 801 0$bDLC 801 1$bGPO 801 2$bGPO 906 $aBOOK 912 $a9910713936303321 996 $aRepublics of the former Soviet Union$93466053 997 $aUNINA